Statistická ročenka energetiky za rok 1984

Gespeichert in:
Bibliographische Detailangaben
Format: Buch
Sprache:Tschechisch
Veröffentlicht: Praha Federální statistický úřad 1984
Tags: Tag hinzufügen
Keine Tags, Fügen Sie das erste Tag hinzu!

MARC

LEADER 00000nam a2200000 4500
001 c110643
005 20250828112856.7
041 0 |a cze 
044 |a CZ 
245 1 0 |a Statistická ročenka energetiky za rok 1984 
264 1 |a Praha  |b Federální statistický úřad  |c 1984 
300 |a 189 s.